01848nam a22003737a 4500003000400000005001700004008004100021040002200062082001400084100004100098245004800139260005300187300001900240366000800259366000800267490002300275505021100298505013200509505021400641505002000855505001500875650004600890650005000936650004400986650004801030650004301078650004401121650005301165650004701218650004501265942002501310999001501335952012401350OSt20230421090148.0221006b |||||||| |||| 00| 0 eng d cBiblioteca Lado V a700bZ39a 9802aZaya, Antonioeeditoredirector aAtalantica/bRevista de Arte y Pensamiento/ bCentro Atlantico de Arte Modernoc1992aEspaña c24x30cma136p. efre eeng v1992x1132-8428a4 tTerritoriosaEntrevista a Gary Simmons La pintura Islamica figurativa The famished road: la realidad y la magia Entrevista con JOHN CAGE JOHN CAGE o la revelacion de la eterna escucha CAGE y España  tNexusaEntrevista con Carmen Waugh Mas allá del neoclasicismo y el primitivismo Portafolio Fotográfico de Yolanda Andrade tRevistaaEntrevista con TONY PALMER CESAR MANRIQUE SAINT CLAIR CEMIN Artistas latinoamericanos CUEVAS, GALAN Y ROJOS CANDIDO CAMACHO La libre marceña De la locura considerada Juan Gopar IRA TIERRA  tEDICION INGLESA tJOSE LIRIO 2Tesauro de Arte & ArquitecturaaARTE9703 2Tesauro de Arte & ArquitecturaaEXPOSICIONES  2Tesauro de Arte & ArquitecturaaCULTURA 2Tesauro de Arte & ArquitecturaaAPRECIACION 2Tesauro de Arte & ArquitecturaaTEORIA 2Tesauro de Arte & ArquitecturaaCRITICA 2Tesauro de Arte & ArquitecturaaFOTOGRAFIA 9702 2Tesauro de Arte & ArquitecturaaLITERATURA 2Tesauro de Arte & ArquitecturaaESPAÑA 2ddcc1h700iZ39an0 c3414d3414 00102ddc3199240708RevistasaLVbLVd2023-04-21h4i003559l0o700 Z39ap003559r2023-04-21 00:00:00w2023-04-21y1